000 00430nam a22001817a 4500
003 MPLRDC
005 20220104144421.0
008 210129b ||||| |||| 00| 0 eng d
082 _a448.6 FBQ
100 _a冯秉铨著
245 _a今日电子学
_c
250 _a第一版
260 _a
_b科学普及出版社
_c1981
300 _b
490 _a电子应用技术丛书; 1
650 _a
942 _cBK
_o448.6 FBQ
999 _c49399
_d49389